| 000 | 00755pam a2200241 a 4500 | ||
|---|---|---|---|
| 001 | 3906476 | ||
| 005 | 20180313045705.0 | ||
| 008 | 910719s1991 nyu b 001 0 eng | ||
| 010 | _a 91029800 | ||
| 020 |
_a0814734804 : _c$45.00 |
||
| 040 |
_aDLC _cDLC _dDLC |
||
| 041 | _aeng | ||
| 043 | _ae-fr--- | ||
| 080 | _a320.509 | ||
| 082 | 0 | 0 |
_a320.509 HAY _220 |
| 100 | 1 | _a20 | |
| 101 | _aSHP | ||
| 245 | 1 | 0 |
_aAfter the French Revolution : _cJack Hayward. |
| 504 | _aIncludes bibliographical references (p. [303]-359) and index. | ||
| 906 |
_a7 _bcbc _corignew _d1 _eocip _f19 _gy-gencatlg |
||
| 942 |
_2ddc _cBK |
||
| 999 |
_c44824 _d44824 |
||